000 01063nac a22003131u 4500
999 _c5885
_d5885
003 EG-ScBUE
005 20200206120642.0
008 200206t1987 ilu f bd 001 0 eng d
020 _a0673183971
040 _aEG-ScBUE
_beng
_erda
_cEG-ScBUE
_dEG-ScBUE
082 0 4 _a808.0427
_bPEN
_222
100 1 _aPenfield, Elizabeth,‏
_d1939-
_eauthor.
245 1 0 _aShort takes :
_bmodel essays for composition /
_cElizabeth Penfield, The University of New Orleans.
250 _aSecond edition.
264 1 _aGlenview, Illinois ;
_aLondon, England :
_bScott, Foresman and Company,
_c[1987]
264 4 _cc1987
300 _axxi, 361 pages ;
_c21 cm
336 _2rdacontent
_atext
_btxt
337 _2rdamedia
_aunmediated
_bn
338 _2rdacarrier
_avolume
_bnc
500 _aIncludes glossary.
504 _aIncludes bibliographical references and index.
650 7 _aCollege readers.
_2BUEsh
650 7 _aEnglish language
_xRhetoric.
_2BUEsh
651 _2BUEsh
653 _bHHUUEENN
_cJanuary2020
655 _vReading book
942 _cBB
_k808.0427 PEN
_2ddc